AFTER NINE HUNDRED YEARS : THE BACKGROUND OF THE SCHISM BETWEEN THE EASTERN AND WESTERN CHURCHES /
保存先:
| 第一著者: | |
|---|---|
| フォーマット: | 図書 |
| 主題: | |
| タグ: |
タグなし, このレコードへの初めてのタグを付けませんか!
|
MARC
| LEADER | 00000nam^a2200000^a^4500 | ||
|---|---|---|---|
| 001 | 000241254 | ||
| 005 | 20250521000000.0 | ||
| 009 | 20260310105208.387 | ||
| 035 | |a 063225 | ||
| 037 | |a Acervo Xavier Clavigero | ||
| 082 | |a 284. 8 |b CON | ||
| 100 | |a Congar, Yves M.J. |e (autor) | ||
| 245 | 1 | 0 | |a AFTER NINE HUNDRED YEARS : |b THE BACKGROUND OF THE SCHISM BETWEEN THE EASTERN AND WESTERN CHURCHES / |c YVES CONGAR |
| 264 | |a NEW YORK : |b FORDHAM UNIVERSITY, |c 1959 | ||
| 300 | |a 150 p. | ||
| 336 | |a texto |b txt |2 rdacontenido | ||
| 337 | |a sin mediación |b n |2 rdamedio | ||
| 338 | |a volumen |b nc |2 rdasoporte | ||
| 649 | |a XX | ||
| 650 | |a Cisma de Occidente, 1378-1417 | ||
| 650 | |a Iglesia Católica - |x Historia | ||
| 910 | |a Fondo General | ||
| 920 | |a Impresos - Libros | ||
| 930 | |a Colección General | ||
| 905 | |a 101 | ||
| 901 | |a 063225 |b IT1 |c ACC |i 063225 |u 20250521 | ||
| 902 | |a https://opac.biblio.iteso.mx/vufind/Record/000241254 | ||